Представление документа в формате RUSMARC

ПолеНазваниеЗначение
  Тип записи a
  Библиографический уровень m
001 Контрольный номер RU/IS/BASE/582199960
005 Дата корректировки 20201206205134.0
010 Индекс ISBN __
a ISBN 978-5-17-104172-4 (в пер.)
d Цена 430-98, 1500 экз.
100 Данные общей обработки __
a Данные общей обработки 19180613d2018||||||| 0rusy0189 ca
101 Язык документа 0_
a Язык текста rus
102 Страна публикации __
a Страна публикации ru
105 Кодированные данные (монография) __
a Кодированные данные (монография) ||||||||000zy
200 Заглавие и сведения об ответственности 1_
a Заглавие Прыжок в длину
e Сведения, относящиеся к заглавию роман
f Первые сведения об ответственности Ольга Славникова
b Общее обозначение материала Текст
210 Выходные данные __
a Место издания Москва
c Издательство АСТ
c Издательство Редакция Елены Шубиной
d Дата издания 2018
215 Физическое описание __
a Объем 510 с.
d Формат 21 см
225 Серия __
a Серия Новая русская классика
225 Серия __
a Серия Новый роман
330 Аннотация __
a Аннотация "Прыжок в длину" - новый роман Ольги Славниковой. Олег Ведерников заканчивает школу и готовится к чемпионату Европы - на него возлагают большие надежды, спортсмен-юниор одарен способностью к краткой левитации. Однажды он совершает чемпионский прыжок - выталкивает из-под колес летящего джипа соседского мальчика и лишается обеих ног. В обмен на спасенную жизнь получает жизнь сломанную, а мальчик становится его зловещей тенью.
333 Примечание о целевом назначении __
a Примечание о целевом назначении 16+. Для детей старше 16 лет
606 Тематические рубрики __
a Основная рубрика Художественная литература
606 Тематические рубрики __
a Основная рубрика Современная русская литература (произведения)
610 Ключевые слова __
a Ключевые слова книги-лауреаты
a Ключевые слова проза
a Ключевые слова романы
a Ключевые слова тема жизни
a Ключевые слова тема инвалидов
a Ключевые слова тема мальчиков
a Ключевые слова тема нравственности
a Ключевые слова тема спасения
a Ключевые слова тема спорта
a Ключевые слова тема спортсменов
686 Индексы других классификаций __
2 Код системы rubbks
a Классификационный индекс 84(2=411.2)6-4; ст84(2Рос=Рус)6-4
700 Автор _1
a Фамилия Славникова
b Имя О. А.
f Даты 1957-
g Полное личное имя Ольга Александровна
4 Код отношения 070
801 Источник записи _0
a Страна ru
b Организация Муниципальное бюджетное учреждение культуры "Централизованная библиотечная система" г. Сургут (Центральная городская библиотека им. А. С. Пушкина)
c Дата составления 20180613
g Правила каталогизации rpk
801 Источник записи _1
a Страна ru
b Организация Муниципальное бюджетное учреждение культуры "Централизованная библиотечная система" г. Сургут (Центральная городская библиотека им. А. С. Пушкина)
c Дата составления 20180613
g Правила каталогизации rpk
852 Данные о местонахождении __
j Шифр хранения 84(2=411.2)6-4
i Авторский знак С 47
901 Тип документа __
t Тип документа m
a Ответственный ООФиК/Волкова
903 Характеристики (МАРС) __
a Дата передачи 20180613
990 Данные о заказе (DOS) __
j Количество экземпляров (DOS) 9
t N записи в КСУ для И/У (DOS) 201806